<?xml version="1.0" encoding="UTF-8"?><?xml-stylesheet type="text/xsl" href="static/style.xsl"?><OAI-PMH xmlns="http://www.openarchives.org/OAI/2.0/" xmlns:xsi="http://www.w3.org/2001/XMLSchema-instance" xsi:schemaLocation="http://www.openarchives.org/OAI/2.0/ http://www.openarchives.org/OAI/2.0/OAI-PMH.xsd"><responseDate>2026-04-17T07:56:55Z</responseDate><request verb="GetRecord" identifier="oai:www.recercat.cat:2072/532796" metadataPrefix="marc">https://recercat.cat/oai/request</request><GetRecord><record><header><identifier>oai:recercat.cat:2072/532796</identifier><datestamp>2024-12-20T19:38:55Z</datestamp><setSpec>com_2072_300912</setSpec><setSpec>com_2072_4427</setSpec><setSpec>col_2072_301309</setSpec></header><metadata><record xmlns="http://www.loc.gov/MARC21/slim" xmlns:dcterms="http://purl.org/dc/terms/" xmlns:xsi="http://www.w3.org/2001/XMLSchema-instance" xmlns:doc="http://www.lyncode.com/xoai" xsi:schemaLocation="http://www.loc.gov/MARC21/slim http://www.loc.gov/standards/marcxml/schema/MARC21slim.xsd">
   <leader>00925njm 22002777a 4500</leader>
   <datafield ind2=" " ind1=" " tag="042">
      <subfield code="a">dc</subfield>
   </datafield>
   <datafield ind2=" " ind1=" " tag="720">
      <subfield code="a">Gutiérrez, Luis</subfield>
      <subfield code="e">author</subfield>
   </datafield>
   <datafield ind2=" " ind1=" " tag="720">
      <subfield code="a">Martin - Diaconescu, Vlad</subfield>
      <subfield code="e">author</subfield>
   </datafield>
   <datafield ind2=" " ind1=" " tag="720">
      <subfield code="a">Casadevall, Carla</subfield>
      <subfield code="e">author</subfield>
   </datafield>
   <datafield ind2=" " ind1=" " tag="720">
      <subfield code="a">Oropeza, Freddy</subfield>
      <subfield code="e">author</subfield>
   </datafield>
   <datafield ind2=" " ind1=" " tag="720">
      <subfield code="a">de la Peña O’Shea, Victor A.</subfield>
      <subfield code="e">author</subfield>
   </datafield>
   <datafield ind2=" " ind1=" " tag="720">
      <subfield code="a">Meng, JingJing</subfield>
      <subfield code="e">author</subfield>
   </datafield>
   <datafield ind2=" " ind1=" " tag="720">
      <subfield code="a">Ortuño, Manuel A.</subfield>
      <subfield code="e">author</subfield>
   </datafield>
   <datafield ind2=" " ind1=" " tag="720">
      <subfield code="a">Lloret - Fillol, Julio</subfield>
      <subfield code="e">author</subfield>
   </datafield>
   <datafield ind2=" " ind1=" " tag="260">
      <subfield code="c">2023-02-15</subfield>
   </datafield>
   <datafield ind2=" " ind1=" " tag="520">
      <subfield code="a">Site
isolation of
unstable
catalytic species within a
reticular
material is an appealing strategy
for
mitigating catalyst
decom
position whil
e
creating
catalysts with improved activity and robustness.
The
covalent organic framework (COF) based on
single cobalt
sites
coordinated to
2,2’
-
bipyridine
(
COF
bpy
Co
)
exploit
s
the
isolated nature
of the cobalt sites
to
stabilize low
-
valent single sites and catalyze the
hydroboration
of olefins.
Terminal alkyl
boronate
esters were obtained
using 1
mol
%
COF
bpy
Co
loading
starting from terminal alkenes a
nd
internal alkenes,
thanks to a tandem isomerization
-
hydroboration
proc
ess
.
The catalytic activity of
COF
bpy
Co
was
maintained after
being
recycled
six
times.
Experimental and computational studies
suggested
the {
(bpy
•−
)Co
I
(THF)
2
} moiety
as the active catalytic species within the COF
. The mechanism
follows
an
oxidative boryl
migration, followed by isomerization and reductive elimination to form the boronate ester.</subfield>
   </datafield>
   <datafield ind1="8" ind2=" " tag="024">
      <subfield code="a">http://hdl.handle.net/2072/532796</subfield>
   </datafield>
   <datafield ind1="8" ind2=" " tag="024">
      <subfield code="a">https://doi.org/10.1021/acscatal.2c05442</subfield>
   </datafield>
   <datafield ind2="0" ind1="0" tag="245">
      <subfield code="a">Low Oxidation State Cobalt Center Stabilized by a Covalent Organic Framework to promote Hydroboration of Olefins</subfield>
   </datafield>
</record></metadata></record></GetRecord></OAI-PMH>